Culture Générale - Série 942 - Statistiques

Statistiques générales
  • Ce quiz a été pris 128 fois
  • Le résultat moyen est 6 sur 10
Statistiques - réponses
Question Réponse % Correct
Quelle substance peut être "arabique" ou servir à effacer des traits de crayon ? gomme
94%
Quel mot composé issu de l'anglais désigne la hausse de la natalité apparue dans les pays occidentaux vers 1945 ? baby-boom
88%
Quelle guerre sert de toile de fond au roman “Autant en emporte le vent” ? Guerre de .... sécession
85%
Quel titre honorifique est accordé à la pince dont se servent les cambrioleurs pour forcer les portes ? monseigneur
75%
Quel oiseau porte un nom qui signifie littéralement "corbeau marin" en ancien français ? cormoran
58%
Sous quel autre nom connaît-on le Code civil promulgué en 1804 ? Code Napoléon
42%
Jusqu'en 1982, quelle ville était la capitale du Nigeria ? Lagos
40%
Dans quel sport se dispute l'Amstel Gold Race ? cyclisme
39%
En 1960, qui écrit et compose la chanson "Jolie Môme" ? Léo Ferré
33%
Quel fut le premier nom de Mickey Mouse ? Mortimer
21%
Aucun quiz correspondant
Distribution des résultats
% des personnes avec chaque résultat
Percentile par nombre de réponses
Votre historique - résultats
Vous n’avez pas pris ce quiz